01176cas a2200253 450000500170000000800410001702200140005804002310007204100080030304400080031124500470031926000650036630000330043131000060046450000340047065000430050465000440054765000190059165000150061071000300062577601180065578000740077378500750084720180803170113.0740417c19699999enkmr p 0 a0eng c a0024-4066 aOAUcOAUdNICdCtYdDLCdNSDPdOCoLCdAIPdNSTdAIPdDLCdAIPdDLCdNSTdDNLMdNSTdGUdTNJdNSDPdOCoLCdMHdOCoLCdCU-SdOCoLCdOrPSdOCoLCdCLUdNL-LeOCLdCaQQLdMiEMdDLCdOCoLCdOCLCFdOCLCOdUkLWdOCLCOdOCoLCdCO-BoIAVH0 aeng a-uk00aBiological journal of the Linnean Society. aLondres (Reino Unido) : bLinnean Society of London,c1969-. bilustraciones ; c26 x 18 cm am aPublicado por Academic Press.26aBiologíavPublicaciones periódicas26aEvoluciónvPublicaciones periódicas26aBiogeografía26aEcología2 aLinnean Society of London08iOnline version:tBiological journal of the Linnean Society (Online)x1095-8312w(DLC)sn 97001942w(OCoLC)3692832002aLinnean Society of London.tProceedingsw(OCoLC)1755949g1838/48-196801aLinnean Society of London.tLinneanw(DLC) 86640437w(OCoLC)10581014